000 00236nam a2200109Ia 4500
100 _a#N/A
942 _cBK
654 _aproject management
245 _aProject Management for Business & Technology
260 _b#N/A
546 _aENGLISH
999 _c21021
_d21021